At a glance! : (Record no. 6099)

MARC details
000 -LEADER
fixed length control field 00526cam a22001575i 4500
020 ## - INTERNATIONAL STANDARD BOOK NUMBER
ISBN 9789988252663
050 ## - CALL NUMBER
Classification number KD4879 .Ah8
100 1# - AUTHOR
Personal name Ahwireng-Obeng, Frederica,
245 10 - TITLE
Title At a glance! :
Remainder of title the A.B.C. of administrative law and administrative justice in Ghana /
Statement of responsibility, etc Frederica Ahwireng-Obeng.
260 ## - PUBLICATION INFORMATION
Place of publication Accra
Name of publisher Typewell Ventures
Year of publication 2017
300 ## - DESCRIPTION
Number of Pages xxviii, 212 pages ;
Dimensions 21 cm
500 ## - NOTES
General note Includes cases.
650 ## - SUBJECTS
Topical Term Administrative law.
650 ## - SUBJECTS
Topical Term Judicial review of administrative acts--Ghana.
942 ## - ADDED ENTRY ELEMENTS (KOHA)
Koha item type Books
Holdings
Withdrawn status Lost status Collection code Home library Current library Shelving location Date acquired Full call number Accession Number Koha item type
    Reference Methodist University Law Library Methodist University Law Library General Stacks   KD4879 .Ah8 8033 Books
    Reference Methodist University Law Library Methodist University Law Library General Stacks   KD4879 .Ah8 8034 Books
Copyright © 2026  MUG Library